<?xml version="1.0" encoding="UTF-8"?>
<record
    xmlns:xsi="http://www.w3.org/2001/XMLSchema-instance"
    xsi:schemaLocation="http://www.loc.gov/MARC21/slim http://www.loc.gov/standards/marcxml/schema/MARC21slim.xsd"
    xmlns="http://www.loc.gov/MARC21/slim">

  <leader>01573cam a2200337 c 4500</leader>
  <controlfield tag="001">73049</controlfield>
  <controlfield tag="003">ES-MaACL</controlfield>
  <controlfield tag="005">20260326140313.0</controlfield>
  <controlfield tag="008">900725s1917    sp     | |||| 000 0 spa  </controlfield>
  <datafield tag="016" ind1="7" ind2=" ">
    <subfield code="a">bimoBNE19981689442</subfield>
    <subfield code="z">IND9200367835</subfield>
    <subfield code="2">SpMaBN</subfield>
  </datafield>
  <datafield tag="035" ind1=" " ind2=" ">
    <subfield code="a">(OCoLC)432012306</subfield>
  </datafield>
  <datafield tag="035" ind1=" " ind2=" ">
    <subfield code="a">(SpMaBN)bimo0000923811</subfield>
  </datafield>
  <datafield tag="040" ind1=" " ind2=" ">
    <subfield code="a">SpMaBN</subfield>
    <subfield code="b">spa</subfield>
    <subfield code="c">A2</subfield>
  </datafield>
  <datafield tag="080" ind1=" " ind2=" ">
    <subfield code="a">929</subfield>
    <subfield code="2">summary</subfield>
  </datafield>
  <datafield tag="080" ind1=" " ind2=" ">
    <subfield code="a">929(460)"18/19":342.532</subfield>
  </datafield>
  <datafield tag="100" ind1=" " ind2=" ">
    <subfield code="a">G&#xF3;mez Bardaj&#xED;, Julio, </subfield>
    <subfield code="d">n. 1870</subfield>
    <subfield code="9">239902</subfield>
  </datafield>
  <datafield tag="245" ind1="1" ind2="0">
    <subfield code="a">Listas de los presidentes del Congreso desde 1810</subfield>
    <subfield code="c">publ&#xED;calas Julio G&#xF3;mez Bardaj&#xED;</subfield>
  </datafield>
  <datafield tag="260" ind1=" " ind2=" ">
    <subfield code="a">[S.l.]</subfield>
    <subfield code="b">[s.n.]</subfield>
    <subfield code="c">1917</subfield>
    <subfield code="e">Madrid</subfield>
    <subfield code="f">Imp. Valent&#xED;n Tordesillas</subfield>
  </datafield>
  <datafield tag="300" ind1=" " ind2=" ">
    <subfield code="a">37 p.</subfield>
    <subfield code="c">21 cm</subfield>
  </datafield>
  <datafield tag="336" ind1=" " ind2=" ">
    <subfield code="a">Texto (visual)</subfield>
    <subfield code="2">isbdcontent</subfield>
  </datafield>
  <datafield tag="337" ind1=" " ind2=" ">
    <subfield code="a">sin mediaci&#xF3;n</subfield>
    <subfield code="2">isbdmedia</subfield>
  </datafield>
  <datafield tag="610" ind1="1" ind2="7">
    <subfield code="a">Espa&#xF1;a</subfield>
    <subfield code="b">Cortes Generales</subfield>
    <subfield code="b">Congreso</subfield>
    <subfield code="x">Presidentes</subfield>
    <subfield code="2">embne</subfield>
    <subfield code="9">153092</subfield>
  </datafield>
  <datafield tag="852" ind1=" " ind2=" ">
    <subfield code="c">DEPOF</subfield>
    <subfield code="d">1496-F-13</subfield>
    <subfield code="a">ES-MaACL</subfield>
    <subfield code="9">73049</subfield>
  </datafield>
  <datafield tag="856" ind1="4" ind2=" ">
    <subfield code="u">http://bdh-rd.bne.es/viewer.vm?id=0000088323&amp;page=1</subfield>
    <subfield code="y">Biblioteca Digital Hisp&#xE1;nica</subfield>
  </datafield>
  <datafield tag="942" ind1=" " ind2=" ">
    <subfield code="2">udc</subfield>
  </datafield>
  <datafield tag="956" ind1=" " ind2=" ">
    <subfield code="a">1 2</subfield>
  </datafield>
  <datafield tag="980" ind1=" " ind2=" ">
    <subfield code="c">Donativo de</subfield>
    <subfield code="a">Julia Mart&#xED;n</subfield>
    <subfield code="d">1975</subfield>
    <subfield code="a">Eduardo Com&#xED;n Colomer (1908-1975)</subfield>
    <subfield code="a">Conservaci&#xF3;n en r&#xFA;stica</subfield>
    <subfield code="a">En caja de conservaci&#xF3;n</subfield>
    <subfield code="l">Papel &#xE1;cido</subfield>
    <subfield code="l">Hojas sueltas</subfield>
    <subfield code="l">Cubierta manchada</subfield>
    <subfield code="a">En contenedor de conservaci&#xF3;n</subfield>
    <subfield code="c">2006</subfield>
    <subfield code="a">Retirado de consulta</subfield>
    <subfield code="a">SpMaBN</subfield>
    <subfield code="b">BNMADRID</subfield>
    <subfield code="j">3/100850</subfield>
    <subfield code="c">SG_RECOLET</subfield>
  </datafield>
  <datafield tag="980" ind1=" " ind2=" ">
    <subfield code="a">R&#xFA;stica</subfield>
    <subfield code="a">SpMaBN</subfield>
    <subfield code="b">BNMADRID</subfield>
    <subfield code="j">VC/667/13</subfield>
    <subfield code="c">SG_RECOLET</subfield>
  </datafield>
  <datafield tag="980" ind1=" " ind2=" ">
    <subfield code="a">Microfilme</subfield>
    <subfield code="b">Madrid</subfield>
    <subfield code="c">Biblioteca Nacional</subfield>
    <subfield code="d">2005</subfield>
    <subfield code="e">1 carrete de microfilme (25 fotogramas) ; 35 mm</subfield>
    <subfield code="a">SpMaBN</subfield>
    <subfield code="b">BNALCALA</subfield>
    <subfield code="j">DGMICRO/54485</subfield>
    <subfield code="c">SG_PETANTI</subfield>
  </datafield>
  <datafield tag="999" ind1=" " ind2=" ">
    <subfield code="c">73049</subfield>
    <subfield code="d">73049</subfield>
  </datafield>
  <datafield tag="952" ind1=" " ind2=" ">
    <subfield code="0">0</subfield>
    <subfield code="1">0</subfield>
    <subfield code="4">0</subfield>
    <subfield code="7">0</subfield>
    <subfield code="8">Colecci&#xF3;n_de_folletos</subfield>
    <subfield code="a">ATENEOM</subfield>
    <subfield code="b">ATENEOM</subfield>
    <subfield code="c">DEPOF</subfield>
    <subfield code="d">2008-01-17</subfield>
    <subfield code="e">SC</subfield>
    <subfield code="l">0</subfield>
    <subfield code="o">1496-F-13</subfield>
    <subfield code="p">1076467</subfield>
    <subfield code="r">2023-02-23 00:00:00</subfield>
    <subfield code="w">2023-02-23</subfield>
    <subfield code="y">FOLLETOS</subfield>
  </datafield>
</record>
